banner koha

Valor nutritivo da carne de bufalos Murrah (Registro n. 286193)

MARC details
000 -LÍDER
campo de controle de tamanho fixo 00948nac a22002897a 4500
001 - NÚMERO DE CONTROLE
campo de controle BR9406562
003 - IDENTIFICADOR DO NÚMERO DE CONTROLE
campo de controle BR-BrBNA
005 - DATA E HORÁRIO DA ÚLTIMA TRANSAÇÃO
campo de controle 20240105121604.0
008 - CAMPO DE DADOS FIXOS--INFORMAÇÃO GERAL
campo de controle de tamanho fixo 230509b bl.|||m| |||| 00| 0 por d
040 ## - FONTE DA CATALOGAÇÃO
Instituição da catalogação original BR-BrBNA
Idioma da catalogação por
Instituição que transcreveu o registro Biblioteca Nacional de Agricultura
072 ## - CÓDIGO DE CATEGORIA DE ASSUNTO
Código de Categoria de Assunto Q04
090 ## - NÚMERO DE CHAMADA LOCAL
Número de chamada 5217 BR9406562
100 1# - ENTRADA PRINCIPAL--NOME PESSOAL
Nome pessoal Nascimento, C.N.B. do
100 1# - ENTRADA PRINCIPAL--NOME PESSOAL
Nome pessoal Carvalho, L.O.D. de M.
100 1# - ENTRADA PRINCIPAL--NOME PESSOAL
Nome pessoal Barbosa, W.C.
110 1# - ENTRADA PRINCIPAL--NOME CORPORATIVO
Nome corporativo ou nome da jurisdição Centro de Pesquisa Agroflorestal da Amazonia Oriental, Belem, PA (Brasil)
245 1# - TÍTULO
Título Valor nutritivo da carne de bufalos Murrah
260 3# - PUBLICAÇÃO, DISTRIBUIÇÃO, ETC.
Local de publicação, distribuição, etc. Belem, PA (Brasil):
Data da publicação, distribuição, etc. 1993.
300 ## - DESCRIÇÃO FÍSICA
Extensão 17 p.
490 ## - TÍTULO DA SÉRIE
Título da série Boletim de Pesquisa - Centro de Pesquisa Agroflorestal da Amazonia Oriental (Brazil)
Número do volume ou designação sequencial da série no. 142
ISSN - International Standard Serial Number ISSN 0100-8102
500 ## - NOTA GERAL
Nota geral 18 ref.; Summaries (En, Pt)
650 ## - ASSUNTO--TERMO TÓPICO
Cabeçalho tópico ou nome geográfico Bufalo
650 ## - ASSUNTO--TERMO TÓPICO
Cabeçalho tópico ou nome geográfico Carne
650 ## - ASSUNTO--TERMO TÓPICO
Cabeçalho tópico ou nome geográfico Valor Nutritivo
909 ## -
-- 202312
-- Lúcia Elande
-- 55
-- Lúcia Elande
942 ## - ELEMENTOS DE ENTRADA ADICIONADOS (KOHA)
Fonte da classificação ou esquema de arquivamento na estante Classificação AGRIS
Ocultar no OPAC Não
Tipo de material Koha Monografia Seriada
Exemplares
Situação do descarte Fonte da classificação ou esquema de arquivamento na estante Situação física Não pode ser emprestado Coleção Biblioteca de origem Biblioteca atual Localização na estante Total de empréstimos Número de telefone completo Código de barras Data de último acesso Tipo de material Koha Fonte de aquisição
  Classificação AGRIS       Biblioteca Nacional de Agricultura - Binagri Biblioteca Nacional de Agricultura - Binagri Agrobase - Acervo Geral   5217 BR9406562 5217 BR9406562 18/12/2023 Monografia Seriada Portaria Interministerial nº 164/94

BINAGRI

Telefone: (61)3218-2567/2388/3357/2097 - binagri@agro.gov.br

Ministério da Agricultura e Pecuária , Esplanada dos Ministérios, Bloco D, Anexo B, Brasília/DF, CEP: 70.043-900